Statistics for Železnice na Slovensku

Click here to take the quiz!

General Stats

  • This quiz has been taken 75 times
  • The average score is 8 of 15

Answer Stats

HintAnswer% Correct
Ako sa volá štátny nákladný železničný dopravca?ZSSK Cargo
74%
Koľko zastávok má osobný vlak medzi Prešovom a Košicami (vrátane)?11
65%
V ktorom mesiaci každoročne začína platiť nový grafikon verejnej dopravy?december
65%
Akou najvyššou rýchlosťou môžu jazdiť vlaky na Slovensku?160 km/h
58%
Ktorá je jediná zastávka zubačky na trase Štrba - Štrbské Pleso?Tatranský Lieskovec
54%
V ktorom meste sídli najvýznamnejšie slovenské prekladisko?Čierna nad Tisou
47%
V akom športe sa konali na Štrbskom Plese v roku 1970 majstrovstvá sveta, kvôli ktorým bola obnovená prevádzka "Zubačky"?severské lyžovanie
47%
Milochov
46%
Stropkov
46%
Ako sa volá najznámejší viadukt na trati Červená Skala - Margecany?Chmarošský
44%
Svidník
44%
Ktorý významný podnikateľ sa zaslúžil o vybudovanie železničnej stanice vo Svite?Tomáš Baťa
42%
Do ktorých 4 okresných miest nevedie železničná trať?Námestovo
40%
Sobrance
40%
Ako sa volajú 2 nové železničné tunely na trati Púchov - Považská Teplá?Diel
39%

Score Distribution

Percentile by Number Answered

Percent of People with Each Score

Your Score History

You have not taken this quiz